| 000 | 00000nam##2200000za#4500 |
| 001 | 9.572040 |
| 003 | CaOODSP |
| 005 | 20250129103331 |
| 007 | cr ||||||||||| |
| 008 | 150406|2005||||xxc|||||o f|0| 0 eng|d |
| 040 | |aCaOODSP|beng |
| 043 | |an-cn--- |
| 086 | 1 |aEn57-41/3-2005E-PDF |
| 110 | 2 |aMeteorological Service of Canada. |
| 245 | 10|aCities and communities : |h[electronic resource]|bthe changing climate and increasing vulnerability of infrastructure / |cby Heather Auld and Don MacIver. |
| 260 | |aToronto - Ontario : |bEnvironment Canada. |cJanuary 2005. |
| 300 | |a28p.|bfigs., references, tables |
| 490 | 1 |aOccasional paper|v3 |
| 590 | |a11-24-Supp|b2011-10-24 |
| 720 | 1 |aMacIver, Don |
| 720 | 1 |aAuld, Heather |
| 830 | #0|aOccasional paper (Canada. Industry Canada)|v3|w(CaOODSP)9.506650 |
| 856 | 40|ahttp://publications.gc.ca|qPDF|s2464 KB|uhttps://publications.gc.ca/collections/collection_2011/ec/En57-41-3-2005-eng.pdf|y3 |